| 000 | 00481nam a22001817a 4500 | ||
|---|---|---|---|
| 999 |
_c9519 _d9519 |
||
| 003 | GBCCL | ||
| 005 | 20241126110713.0 | ||
| 008 | 230221b ||||| |||| 00| 0 eng d | ||
| 040 | _cGBC | ||
| 082 |
_a220.076 _bSCH |
||
| 100 |
_aSchmidt, Troy. _916568 |
||
| 245 | _aBible trivia, jokes and fun facts for kids | ||
| 260 |
_aHyderabad : _bGS Books, _c2019 |
||
| 300 | _a161p. ; | ||
| 650 |
_aBible. _v Miscellanea _916569 |
||
| 650 |
_aBible _vgames _xKids _916572 |
||
| 942 |
_2ddc _cBK |
||